Uvedení do studia Nového zákona /

Hlavní autor: Kovář, František, 1888-1969
Jazyk: Čeština
Vydáno: Praha : Ústřední rada CČS, 1951
Vydání: 3. rozš. vyd.
Edice: Bohoslovecké příručky studijní
Témata:
Fyzický popis: 75, [1] s. ; 4°
Knihy
Uloženo v:
LEADER 00937nam a2200277 a 4500
001 000443634
003 CZ BrMZK
005 20030116133909.0
007 ta
008 010907s1951 xr f cze d
015 |a cnb000503614 
035 |a (OCoLC)85306326 
040 |a BOA001  |b cze 
100 1 |a Kovář, František,  |d 1888-1969  |7 jk01062454  |4 aut 
245 1 0 |a Uvedení do studia Nového zákona /  |c František Kovář 
250 |a 3. rozš. vyd. 
260 |a Praha :  |b Ústřední rada CČS,  |c 1951 
300 |a 75, [1] s. ;  |c 4° 
490 1 |a Bohoslovecké příručky studijní ;  |v Sv. 4 
500 |a Rozmnož. jako rukopis pro potřebu církve čs. 
500 |a Přehledy literatury 
830 0 |a Bohoslovecké příručky studijní 
910 |a BOA001  |b 4-0271.874 
964 |a Zákon Nový - studium - úvody 
990 |a BK 
996 7 |b 2619760101  |c 4-0271.874  |l MZK  |r Sklad / do 24 hodin  |n 8  |w 000443634  |u 000010  |a 1  |e BOA001  |j MZK50  |s A